نکلے تری تلاش میں / (Record no. 172343)
[ view plain ]
| 000 -LEADER | |
|---|---|
| fixed length control field | 00639nam a22001937a 4500 |
| 005 - DATE AND TIME OF LATEST TRANSACTION | |
| control field | 20200203122959.0 |
| 010 ## - LCCN (DPL NO) | |
| LC control number | A-550004 |
| 020 ## - INTERNATIONAL STANDARD BOOK NUMBER | |
| Terms of availability | 150.00 |
| International Standard Book Number | 9693500164 |
| 035 ## - SYSTEM CONTROL NUMBER | |
| System control number | A-550004 |
| 037 ## - SOURCE OF ACQUISITION | |
| Source of stock number/acquisition | BPPD/Pub. |
| 082 ## - DEWEY DECIMAL CLASSIFICATION NUMBER | |
| Classification number | 910.4 |
| 100 ## - MAIN ENTRY--PERSONAL NAME | |
| Personal name | مستنصر حسین تارڑ |
| 245 ## - TITLE STATEMENT | |
| Title | نکلے تری تلاش میں / |
| Statement of responsibility, etc | مستنصر حسین تارڑ |
| 246 ## - VARYING FORM OF TITLE | |
| Title proper/short title | Nikle Teri Talash Mein (Urdu) / |
| Remainder of title | by Mustansar Husain |
| 260 ## - PUBLICATION, DISTRIBUTION, ETC. (IMPRINT) | |
| Place of publication, distribution, etc | لاہور |
| Name of publisher, distributor, etc | سنگ میل پبلیکیشنز |
| Date of publication, distribution, etc | 1992 ء |
| 270 ## - ADDRESS | |
| Address | چوک اردر بازار |
| City | لاہود |
| Postal code | - |
| 300 ## - PHYSICAL DESCRIPTION | |
| Extent | 488p. |
| Dimensions | 22cm(Hb) |
| 942 ## - ADDED ENTRY ELEMENTS (KOHA) | |
| Source of classification or shelving scheme | Dewey Decimal Classification |
| Item type | Urdu Bks |
| Classification part | 910.4 |
| Call number suffix | م س ت |
| Withdrawn status | Lost status | Not for loan | Collection code | Home library | Current library | Date acquired | Source of acquisition | Cost, normal purchase price | Full call number | Barcode | Copy number | Cost, replacement price | Koha item type |
|---|---|---|---|---|---|---|---|---|---|---|---|---|---|
| Non-fiction | Central Library | Central Library | 03/02/2020 | BPPD/Ven. | 150.00 | 910.4 م س ت | A-550004 | 1 | 150.00 | Urdu Bks |
